000 00492nmm a2200169Ia 4500
008 251105s9999||||xx |||||||||||||||||und||
020 _a9788496582286
041 _aspa
100 _aRivera, Agustín
245 0 _aEl viaje de los ingleses :
_b rodando con Antonio Banderas
264 _a[Madrid, España] :
_bOcho y Medio,
_c2007
300 _a384 páginas
490 _aFahrenheit 451
650 _aFilm studies
856 _uhttps://public.digitaliapublishing.com/a/436
942 _cCF
999 _c90002
_d90002